Their cover's blown (Record no. 81280)
[ view plain ]
| 000 -LEADER | |
|---|---|
| fixed length control field | 00826cab a22001935a 4500 |
| 001 - CONTROL NUMBER | |
| control field | L146759 |
| 008 - FIXED-LENGTH DATA ELEMENTS--GENERAL INFORMATION | |
| fixed length control field | 090224e20090220xxko f 000 0 eng d |
| 035 ## - SYSTEM CONTROL NUMBER | |
| System control number | (Sirsi) u146759 |
| 041 0# - LANGUAGE CODE | |
| Language code of text/sound track or separate title | eng |
| 100 1# - MAIN ENTRY--PERSONAL NAME | |
| Personal name | Morrison, Doug |
| 245 00 - TITLE STATEMENT | |
| Title | Their cover's blown |
| 260 ## - PUBLICATION, DISTRIBUTION, ETC. | |
| Date of publication, distribution, etc. | 2009 |
| 490 ## - SERIES STATEMENT | |
| Series statement | Property Week |
| Volume/sequential designation | 75(8) 20 February 2009, 36-38(3) |
| 520 ## - SUMMARY, ETC. | |
| Summary, etc. | Discusses the move by the Tenancy Deposit Scheme (TDS) to withdraw insurance protection for deposits held by letting agents that are not regulated by one of their specified trade bodies. Looks at the options available to the agents and landlords affected, as well as other options. |
| 590 ## - LOCAL NOTE (RLIN) | |
| Local note | KA |
| 651 #4 - SUBJECT ADDED ENTRY--GEOGRAPHIC NAME | |
| Geographic name | England and Wales |
| Chronological subdivision | 1543- |
| 690 ## - LOCAL SUBJECT ADDED ENTRY--TOPICAL TERM (OCLC, RLIN) | |
| Topical term or geographic name as entry element | PROPERTY-RESIDENTIAL PROPERTY-RESIDENTIAL LANDLORD AND TENANT-RESIDENTIAL TENANCIES-ASSURED TENANCIES |
| 942 ## - ADDED ENTRY ELEMENTS (KOHA) | |
| Suppress in OPAC | 0 |
| Withdrawn status | Lost status | Source of classification or shelving scheme | Damaged status | Not for loan | Home library | Current library | Shelving location | Date acquired | Total Checkouts | Full call number | Barcode | Date last seen | Copy number | Price effective from | Koha item type |
|---|---|---|---|---|---|---|---|---|---|---|---|---|---|---|---|
| Dewey Decimal Classification | London | London | Journal article | 24/02/2009 | L146759 | 146759-1001 | 06/08/2019 | 1 | 06/08/2019 | Journal article |